Phương pháp phòng chống những bất lợi trong bảo quản nông sản
Quyển sách trình bày ảnh hưởng của các yếu tố môi trường, sinh học đến số lượng và chất lượng nông sản, cách giảm thiểu tới mức thấp nhất thiệt hại để đạt hiệu quả cao trong tích luỹ hạt giống, chế biến và xuất khẩu....
Kaydedildi:
| Yazar: | |
|---|---|
| Materyal Türü: | Kitap |
| Dil: | Undetermined |
| Baskı/Yayın Bilgisi: |
Hà Nội
Lao động
2006
|
| Konular: | |
| Etiketler: |
Etiketle
Etiket eklenmemiş, İlk siz ekleyin!
|
| Thư viện lưu trữ: | Trung tâm Học liệu Trường Đại học Cần Thơ |
|---|
| LEADER | 01022nam a2200217Ia 4500 | ||
|---|---|---|---|
| 001 | CTU_106851 | ||
| 008 | 210402s9999 xx 000 0 und d | ||
| 020 | |c 14000 | ||
| 082 | |a 664.028 | ||
| 082 | |b Th463 | ||
| 100 | |a Chu, Thị Thơm | ||
| 245 | 0 | |a Phương pháp phòng chống những bất lợi trong bảo quản nông sản | |
| 245 | 0 | |c Chu Thị Thơm, Phan Thị Lài, Nguyễn Văn Tó biên soạn | |
| 260 | |a Hà Nội | ||
| 260 | |b Lao động | ||
| 260 | |c 2006 | ||
| 520 | |a Quyển sách trình bày ảnh hưởng của các yếu tố môi trường, sinh học đến số lượng và chất lượng nông sản, cách giảm thiểu tới mức thấp nhất thiệt hại để đạt hiệu quả cao trong tích luỹ hạt giống, chế biến và xuất khẩu. | ||
| 650 | |a Farm produce | ||
| 650 | |x Preservation | ||
| 904 | |i Năm | ||
| 980 | |a Trung tâm Học liệu Trường Đại học Cần Thơ | ||